000 01084nam a2200253Ia 4500
003 OSt
005 20220930204457.0
006 a|||||r|||| 00| 0
007 ta
008 220926b |||||||| |||| 00| 0 pan d
024 _a3936
037 _cDissertations
040 _aCRL
_cCRL
_bpan
041 _2pan
_apan
100 _aਮੁਰੰਮਦ ਯਾਸੀਨ
110 _aਦਿੱਲੀ ਯੂਨੀਵਰਸਿਟੀ. ਪੰਜਾਬੀ ਵਿਭਾਗ. ਪੰਜਾਬੀ ਵਿਭਾਗ
_9566958
245 0 _aਕਮੰਡਲ ਕਾਵਿ ਸੰਗ੍ਰਹਿ ਦੇ ਆਧਾਰ ਤੇ ਜਸਵੰਤ ਦੀਦ ਦੀ ਕਾਵਿ ਦ੍ਰਿFਟੀ
260 _c2008
650 _aਪੰਜਾਬੀ ਸਾਹਿਤ
700 _a ਗੋਜਰਾ, ਕੁਲਵੀਰ, ਭਚ.
700 _aਦਿੱਲੀ ਯੂਨੀਵਰਸਿਟੀ. ਪੰਜਾਬੀ ਵਿਭਾਗ. ਪੰਜਾਬੀ ਵਿਭਾਗ
_9566959
942 _cDIS
_2CC
999 _c906076
_d906076